000 00429nam a2200169Ia 4500
003 0STCL
008 150530s9999 xx 000 0 und d
040 _aSTCL
_cSTCL
100 _aBalakrishnan K
245 _aMalayala Vyakaranavum Vakya Rachanayum
260 _bVidyarthi Mithram Book Depot; Kottayam
_c1996
_aKottayam
300 _a0
546 _aMalayalam
942 _2ddc
_cBK
999 _c16253
_d16253
005 20220125165745.0